000 00774nam a2200229Ia 4500
003 OSt
005 20220925202829.0
006 a|||||r|||| 00| 0
007 ta
008 220923b |||||||| |||| 00| 0 eng d
037 _cGeneral Book
040 _aRTL
_cRTL
_beng
041 _2eng
_aeng
082 _aX93:8:(D6,9B), N0/Th
100 _aSingla Manohar Lal
_9264428
245 0 _aComputerized management information systems for pu
260 _aDelhi
_bUniversity of Delhi
_c1990
300 _a474p
_ccm.
490 _aUniversity of Delhi, Management Studies (Faculty of-), Thesis. Thesis, University of Delhi, Management Studies (Faculty of-
942 _hX93:8:(D6,9B), N0/Th
_cGB
_2CC
999 _c544243
_d544243